Watch The Throne Tracklist (JAY-Z, Kanye West) - Statistics

General Stats
  • This quiz has been taken 85 times
  • The average score is 8 of 12
Answer Stats
Hint Answer % Correct
3 Ni**as In Paris
95%
1 No Church In The Wild
95%
4 Otis
90%
2 Lift Off
71%
11 Made In America
63%
5 Gotta Have It
59%
6 New Day
58%
7 That's My Bitch
58%
8 Welcome To The Jungle
54%
12 Why I Love You
54%
10 Murder To Excellence
53%
9 Who Gon Stop Me
49%
No matching quizzes found
Score Distribution
Percent of People with Each Score
Percentile by Number Answered
Your Score History
You have not taken this quiz